000 01012nam a22003017a 4500
003 CHAP
005 20220329134336.0
008 971013s1973 r 00010 d
010 _a19057
011 _a20029
035 _a24116
040 _cCHAP
082 _a507.2
_bD5Y
100 0 0 _aDíaz Habben, Dorotea.
_933500
245 _aExperimentos científicos elementales que realmente funcionan
260 _aMéxico, D.F. :
_bTrillas,
_c1973
300 _a158 p.
_b: ilus.
590 _aBATCH-UPD
_b10
_c20130110
_lUCH01
_h1939
590 _aBATCH-UPD
_b10
_c20130410
_lUCH01
_h1302
590 _aBATCH-UPD
_b10
_c20130914
_lUCH01
_h0935
590 _aCONVERSION
_b10
_c20130109
_lUCH01
_h1312
650 1 4 _aCiencia
_xExperimentación.
_923123
901 _aBK
942 _cLIBRO
949 _a507.2 D5Y
_bBC
_cLIBRO
_d-55745
_eLIBRO
_fc.3
_h46455
_i24116
_si
949 _a507.2 D5Y
_bBC
_cLIBRO
_d33724000135042
_eLIBRO
_h37517
_i24116
_mD
_sb
949 _a507.2 D5Y
_bBC
_cLIBRO
_d33724000135059
_eLIBRO
_fc.2
_h46454
_i24116
_si
999 _c19057
_d19057